000 00631nam a2200205Ia 4500
003 GCL
008 140319s9999 xx 000 0 ara d
040 _aGCL /
_cGCL
082 0 4 _a816.2
_bا ر
100 1 _aاحمد امين مصطفى
245 1 0 _aالرسائل فى مصر الاسلامية /
_cاحمد امين مصطفى
260 _a[S.N] :
_bمطبعة السعادة ،
_c1990
300 _a315 ص
490 _a
650 0 4 _aالادب العربى
650 0 4 _aالرسائل العربية
650 0 4 _aالتاريخ الاسلامى
650 0 4 _aالحضارة الاسلامية
942 _2ddc
_cBK
999 _c35335
_d35335